NBA Playoffs Top 100 All-Time: Three Pointers Made - Statistics

General Stats
  • This quiz has been taken 366 times
    21 since last reset
  • The average score is 57 of 100
Answer Stats
# Player 3PM % Correct
4 James Harden 471
100%
3 LeBron James 497
100%
1 Stephen Curry 650
100%
27 Damian Lillard 222
94%
6 Kevin Durant 367
94%
2 Klay Thompson 501
94%
21 Chris Paul 244
89%
13 Kobe Bryant 292
89%
67 Michael Jordan 148
89%
10 Paul George 311
89%
16 Paul Pierce 276
89%
5 Ray Allen 385
89%
T32 Scottie Pippen 200
89%
11 Jayson Tatum 309
83%
20 Kawhi Leonard 249
83%
T25 Kyrie Irving 225
83%
T42 Luka Dončić 182
83%
T50 Nikola Jokić 172
83%
8 Reggie Miller 320
83%
38 Russell Westbrook 187
83%
T65 Anthony Edwards 149
78%
9 Danny Green 315
78%
T72 Deron Williams 137
78%
98 Devin Booker 115
78%
T65 Dirk Nowitzki 149
78%
49 Draymond Green 174
78%
29 Jamal Murray 217
78%
15 Jaylen Brown 278
78%
T90 Tony Parker 119
78%
T90 Vince Carter 119
78%
24 Jason Kidd 236
72%
59 Joe Johnson 158
72%
T40 Jrue Holiday 184
72%
19 Kyle Korver 254
72%
T22 Kyle Lowry 238
72%
7 Manu Ginóbili 324
72%
45 Steve Nash 178
72%
T85 Allen Iverson 123
67%
T42 Andre Iguodala 182
67%
58 CJ McCollum 160
67%
T22 Donovan Mitchell 238
67%
57 Jalen Brunson 161
67%
T60 Jimmy Butler 156
67%
12 J.R. Smith 294
67%
T95 Kenny Smith 117
67%
T40 Mike Conley 184
67%
74 Steve Smith 136
67%
17 Chauncey Billups 267
61%
69 Clyde Drexler 141
61%
T53 Eric Gordon 167
61%
T72 Gary Payton 137
61%
35 Khris Middleton 196
61%
55 Michael Porter Jr. 166
61%
64 Terry Porter 151
61%
34 Al Horford 198
56%
37 J.J. Redick 189
56%
T47 Kevin Love 175
56%
T76 Reggie Jackson 130
56%
18 Robert Horry 261
56%
T90 Stephen Jackson 119
56%
T87 Antoine Walker 122
50%
14 Derek Fisher 285
50%
28 Jason Terry 221
50%
89 Kentavious Caldwell-Pope 120
50%
T95 Mario Chalmers 117
50%
31 Derrick White 202
44%
46 John Starks 176
44%
56 Peja Stojaković 162
44%
36 Rasheed Wallace 190
44%
75 Byron Scott 134
39%
39 Duncan Robinson 185
39%
68 Mike Bibby 145
39%
T81 Patty Mills 125
39%
80 Bryon Russell 126
33%
T83 Eddie Jones 124
33%
T76 Fred VanVleet 130
33%
T47 George Hill 175
33%
30 Jae Crowder 207
33%
79 Metta World Peace 128
33%
T99 Nicolas Batum 114
33%
71 Rashard Lewis 138
33%
T53 Trevor Ariza 167
33%
52 Bruce Bowen 168
28%
T76 Marcus Morris 130
28%
T25 Marcus Smart 225
28%
T95 Sam Cassell 117
28%
T50 Danny Ainge 172
22%
T87 Jeff Hornacek 122
22%
T32 Michael Finley 200
22%
T81 Mookie Blaylock 125
22%
T99 Nick Van Exel 114
22%
70 Shane Battier 139
22%
T83 Michael Cooper 124
17%
T85 OG Anunoby 123
17%
62 P.J. Tucker 154
17%
44 Dan Majerle 181
11%
T90 Norman Powell 119
11%
63 Sam Perkins 152
11%
T90 Louie Dampier 119
6%
T60 Max Strus 156
6%
No matching quizzes found
Score Distribution
Percent of People with Each Score
Percentile by Number Answered
Your Score History
You have not taken this quiz since the last reset